Agenda for the nation / (Record no. 15187)

000 -LEADER
fixed length control field 00721cam a22002414a 4500
020 ## - INTERNATIONAL STANDARD BOOK NUMBER
ISBN 0815701268 (cloth : alk. paper)
020 ## - INTERNATIONAL STANDARD BOOK NUMBER
ISBN 0815701276 (pbk. : alk. paper)
040 ## - CATALOGING SOURCE
Transcribing agency DLC
082 00 - DEWEY DECIMAL CLASSIFICATION NUMBER
Classification number 320 BRO 2003 A073 Or.
245 00 - TITLE STATEMENT
Title Agenda for the nation /
260 ## - PUBLICATION, DISTRIBUTION, ETC. (IMPRINT)
Place of publication Washington, D.C. :
Name of publisher Brookings Institution Press,
Year of publication c2003.
300 ## - PHYSICAL DESCRIPTION
Number of Pages viii, 574 p. :
Other physical details ill. ;
Dimensions 24 cm.
650 #0 - SUBJECT ADDED ENTRY--TOPICAL TERM
Topical Term Economic forecasting
650 #0 - SUBJECT ADDED ENTRY--TOPICAL TERM
Topical Term Cultural pluralism
650 #0 - SUBJECT ADDED ENTRY--TOPICAL TERM
Topical Term Social prediction
650 #0 - SUBJECT ADDED ENTRY--TOPICAL TERM
Topical Term Terrorism
650 #0 - SUBJECT ADDED ENTRY--TOPICAL TERM
Topical Term Globalization.
700 1# - ADDED ENTRY--PERSONAL NAME
Personal name Aaron, Henry J.
700 1# - ADDED ENTRY--PERSONAL NAME
Personal name Lindsay, James M.,
700 1# - ADDED ENTRY--PERSONAL NAME
Personal name Nivola, Pietro S.
856 41 - ELECTRONIC LOCATION AND ACCESS
Uniform Resource Identifier http://www.loc.gov/catdir/toc/ecip044/2003011352.html
942 ## - ADDED ENTRY ELEMENTS (KOHA)
Koha item type សៀវភៅភាសាអង់គ្លេស
952 ## - LOCATION AND ITEM INFORMATION (KOHA)
Withdrawn status [LOCAL, KOHA] 0
952 ## - LOCATION AND ITEM INFORMATION (KOHA)
Withdrawn status [LOCAL, KOHA] 0
Holdings
Permanent Location Date acquired Koha item type Lost status Shelving location Barcode Current Location Full call number
Library Block A2017-11-13សៀវភៅភាសាអង់គ្លេស A073A07021Library Block A320 BRO 2003 A073 Or.
Library Block A2017-11-13សៀវភៅភាសាអង់គ្លេស A073A06823Library Block A320 BRO 2003 A073 Or.
មជ្ឈមណ្ឌលឯការនៃសាកលវិទ្យាល័យភូមិន្ទកសិកម្មចំការដូង

Powered by Koha